000 00550nam a2200229Ia 4500
005 20250425162530.0
008 250425s9999 xx 000 0 und d
020 _a9702602920
041 _aspa
082 _a540.711
100 _aGARRITZ RUIZ, ANDONI
245 0 _aQUIMICA UNIVERSITARIA
250 _a1A ED.
260 _aMéxico
_bPEARSON EDUCACION
_c2005
260 _aNAUCALPAN DE JUAREZ
300 _a696
650 _aCOMPUESTOS QUIMICOS
650 _aQUIMICA
700 _aGASQUE SILVA, LAURA
942 _c01
010 _a82336
999 _c231146
_d231146